LEADER 00981nam a2200265 i 4500 001 000000136733 003 CaOOAMICUS 005 20050331000000.0 008 050331s1983 it u000 u ita u 013 $a110452 040 $aSeMil$bita 100 1 $aLisi, Nicola <1893-1975>.$0(OLS)http://semarc/name/40026 245 10$aDiario dalle opere /$cNicola Lisi ; prefazione di Carlo Bo. 260 $aMilano :$bRusconi,$c1983. 300 $a189 p. ;$c20 cm. 490 0 $aBiblioteca Rusconi 500 $aFondo Card. C.M. Martini. 700 1 $aBo, Carlo,$d<1911-2001>.$0(OLS)http://semarc/name/7656 830 0$aBiblioteca Rusconi.$0(OLS)http://semarc/title/12460 850 $aSeMil 852 $aSeMil$W1$xVenegono$y1$m1B I 171$j239428$B90322$CSeMilBibl$Z2$F95192 $81 941 1 $a4 961 $aOmaggio: Martini Card. Carlo Maria 996 $6245$aDiario dalle opere$9(OLS)http://semarc/title/199797 996 $6260$aMilano :$bRusconi$9(OLS)http://semarc/publisher/30258 LEADER 01436nam a2200301 i 4500 001 000000113850 003 CaOOAMICUS 005 20030404000000.0 008 030404s1995 it u000 u ita u 013 $a86536 020 $a88-270-0283-9 040 $aSeMil$bita 100 1 $aBindella, Francesco.$0(OLS)http://semarc/name/20275 245 13$aLa pentecoste alla luce della rivelazione del Nome divino :$brivisitazione ermeneutica di Atti 2, 1-13 : il paradigma dell'Ut Unum Sint /$cFrancesco Bindella. 260 $aAssisi :$bPorziuncola,$ccopyr. 1995. 300 $a270 p. ;$c24 cm. 490 0 $aPraesidium assisiense ;$v3 500 $aCopia autografa dell'autore. - Fondo Card. C.M. Martini. 650 4$aPentecoste.$0(OLS)http://semarc/subject/4618 650 4$aBibbia - NT - Atti degli Apostoli - 2,1-13.$0(OLS)http://semarc/subject/20693 830 0$aPraesidium assisiense ;$v3.$0(OLS)http://semarc/title/10171 850 $aSeMil 852 $aSeMil$W1$xVenegono$y1$m2Z III 58$j270758$B69501$CSeMilBibl$Z2$F90462 $81 941 1 $a4 961 $aOmaggio: Martini Card. Carlo Maria 996 $6020$a88-270-0283-9$9(OLS)http://semarc/number/97007 996 $6245$aLa pentecoste alla luce della rivelazione del Nome divino :$brivisitazione ermeneutica di Atti 2, 1-13 : il paradigma dell'Ut Unum Sint$9(OLS)http://semarc/title/166319 996 $6260$aAssisi :$bPorziuncola$9(OLS)http://semarc/publisher/32078